Quel personnalité politique française a dit : - Statistiques

Statistiques générales
  • Ce quiz a été pris 180 fois
  • Le résultat moyen est 6 sur 10
Statistiques - réponses
Hint Réponse % Correct
Il suffit de traverser la rue pour trouver du travail. Emmanuel Macron
99%
Qu'ils viennent me chercher ! Emmanuel Macron
99%
Moi, président de la République... François Hollande
79%
Casse-toi, pauvre con ! Nicolas Sarkozy
62%
On est chez nous ! Marine Le Pen
58%
La République, c'est moi ! Jean-Luc Mélenchon
57%
Le bruit et la fureur. Jean-Luc Mélenchon
57%
Je ne suis pas d'extrême droite. Éric Zemmour
35%
Le pain au chocolat à 15 centimes Jean-François Copé
19%
La France est un pays de race blanche. Nadine Morano
6%
Aucun quiz correspondant
Distribution des résultats
% des personnes avec chaque résultat
Percentile par nombre de réponses
Votre historique - résultats
Vous n’avez pas pris ce quiz